Countries by Coconut Production - Statistics

General Stats
  • This quiz has been taken 23 times
  • The average score is 17 of 20
Answer Stats
Hint Answer % Correct
1,287,957 Mexico
100%
431,596 Bangladesh
94%
2,330,949 Brazil
94%
14,682,000 India
94%
17,128,595 Indonesia
94%
535,606 Malaysia
94%
14,765,057 Philippines
94%
428,595 Tanzania
94%
420,207 China
89%
229,578 Nigeria
89%
2,468,800 Sri Lanka
89%
806,026 Thailand
89%
1,677,044 Vietnam
89%
421,559 Dominican Republic
83%
530,832 Myanmar
83%
1,192,816 Papua New Guinea
83%
403,905 Ghana
67%
232,771 Mozambique
67%
180,701 Samoa
39%
302,532 Vanuatu
39%
No matching quizzes found
Score Distribution
Percent of People with Each Score
Percentile by Number Answered
Your Score History
You have not taken this quiz